[Event "Lisbon Portugal op"]
[Site "Lisbon"]
[Date "2020.01.25"]
[Round "1"]
[White "Stachowiak, Kamil"]
[Black "Pfeiffer, Noah"]
[Result "1-0"]
[WhiteElo "2446"]
[BlackElo "1825"]
[PlyCount "87"]
[EventDate "2020.01.25"]
[EventType "swiss"]
[EventRounds "9"]
[EventCountry "POR"]
[SourceTitle "CBM 194"]
[Source "ChessBase"]
[SourceDate "2020.01.27"]
[SourceVersion "1"]
[SourceVersionDate "2020.01.27"]
[SourceQuality "1"]

1. d4 g6 2. Nf3 Bg7 3. g3 Nf6 4. Bg2 0-0 5. 0-0 d6 6. c4 Nbd7 7. Nc3 c6 8. e4 e5 9. h3 Qc7 10. Be3 Kh8 11. Re1 Ng8 12. Qc2 Ne7 13. Rad1 exd4 14. Nxd4 Ne5 15. Nce2 a6 16. f4 Nd7 17. Nc3 c5 18. Nf3 Nb6 19. b3 Nc6 20. g4 f5 21. gxf5 gxf5 22. Nd5 Nxd5 23. cxd5 Nb4 24. Qd2 fxe4 25. Ng5 Nd3 26. Re2 Bf5 27. Nxe4 Nb2 28. Rc1 Rae8 29. Ng3 Bd3 30. Ree1 Bg6 31. f5 Bxf5 32. Nxf5 Rxf5 33. Bg5 Rff8 34. Re6 Qd7 35. Rce1 Bd4+ 36. Kh1 Qf7 37. Be7 Rg8 38. Bxd6 Rd8 39. Be5+ Bxe5 40. R6xe5 Nd3 41. Qxd3 Rxg2 42. Kxg2 Rg8+ 43. Kh1 Qg7 44. Qf3 1-0

[Event "BEL-chT 1819"]
[Site "Belgium"]
[Date "2019.04.07"]
[Round "11.8"]
[White "Memeti, Kastriot"]
[Black "Pfeiffer, Noah"]
[Result "1-0"]
[WhiteElo "2152"]
[BlackElo "1772"]
[PlyCount "155"]
[EventDate "2018.09.30"]
[EventType "team-tourn"]
[EventRounds "11"]
[EventCountry "BEL"]
[SourceTitle "CBM 189 Extra"]
[Source "ChessBase"]
[SourceDate "2019.06.03"]
[SourceVersion "1"]
[SourceVersionDate "2019.06.03"]
[SourceQuality "1"]
[WhiteTeam "Echiquier Mosan"]
[BlackTeam "Wirtzfeld"]
[WhiteTeamCountry "BEL"]
[BlackTeamCountry "BEL"]

1. d4 Nf6 2. Nf3 d5 3. c3 e6 4. Bf4 c5 5. e3 Bd6 6. Bg3 Nc6 7. Nbd2 0-0 8. Bd3 b6 9. Qe2 Bb7 10. Rd1 Ne7 11. e4 Bxg3 12. hxg3 Ng6 13. e5 Ng4 14. Nh4 Nh6 15. f4 Bc8 16. Ndf3 Qe7 17. a3 Bd7 18. Ng5 Be8 19. Nhf3 Rb8 20. Qd2 a5 21. g4 c4 22. Bc2 f6 23. Nxh7 Kxh7 24. g5 fxg5 25. fxg5 Rxf3 26. gxf3 Kg8 27. gxh6 Nh4 28. Qf2 g5 29. Rg1 Kh8 30. Rd2 Bh5 31. Bd1 Rf8 32. Rg3 Qh7 33. Qh2 Bxf3 34. Bc2 Be4 35. Qe2 Bxc2 36. Rxc2 Qf5 37. Kd1 Qf4 38. Rg1 Nf5 39. Re1 Ng3 40. Qd2 Qg4+ 41. Kc1 Ne4 42. Qg2 Qf4+ 43. Kb1 g4 44. Rce2 g3 45. Ka2 a4 46. Rg1 Qf3 47. Rxe4 Qxg2 48. Rxg2 dxe4 49. Rxg3 Rf4 50. Kb1 Kh7 51. Kc1 Kxh6 52. Kd2 Rf2+ 53. Ke3 Rxb2 54. d5 Rb5 55. dxe6 Rxe5 56. Rg4 Rxe6 57. Rxe4 Rc6 58. Kd4 Kg6 59. Re5 Kf6 60. Rb5 Ke6 61. Rb4 Kd6 62. Rxa4 b5 63. Ra5 Rb6 64. a4 bxa4 65. Rxa4 Kd7 66. Ra7+ Kc8 67. Kc5 Rh6 68. Kxc4 Rg6 69. Kb4 Rh6 70. c4 Rg6 71. Kb5 Rh6 72. c5 Rg6 73. Rh7 Rg8 74. Kb6 Rf8 75. c6 Kb8 76. Rb7+ Ka8 77. Ra7+ Kb8 78. c7+ 1-0

[Event "BEL-ch U16"]
[Site "Blankenberge"]
[Date "2015.04.16"]
[Round "7"]
[White "Hammers, Michael"]
[Black "Pfeiffer, Noah"]
[Result "1/2-1/2"]
[WhiteElo "1707"]
[BlackElo "1564"]
[PlyCount "38"]
[EventDate "2015.04.12"]
[EventType "swiss"]
[EventRounds "9"]
[EventCountry "BEL"]
[SourceTitle "CBM 166 Extra"]
[Source "ChessBase"]
[SourceDate "2015.06.18"]
[SourceVersion "1"]
[SourceVersionDate "2015.06.18"]
[SourceQuality "1"]

1. e4 e5 2. Nf3 Nc6 3. Bc4 Bc5 4. c3 Nf6 5. d3 d6 6. Bb3 a6 7. h3 h6 8. Nbd2 Ne7 9. d4 exd4 10. cxd4 Bb4 11. 0-0 Bxd2 12. Nxd2 Nc6 13. e5 dxe5 14. dxe5 Nd5 15. Nf3 Be6 16. Nd4 Nxd4 17. Qxd4 c6 18. Be3 Qe7 19. Bxd5 Bxd5 1/2-1/2

[Event "BEL-ch U14"]
[Site "Blankenberge"]
[Date "2014.04.19"]
[Round "9"]
[White "De Coninck, Erik"]
[Black "Pfeiffer, Noah"]
[Result "1-0"]
[WhiteElo "1637"]
[BlackElo "1292"]
[PlyCount "133"]
[EventDate "2014.04.??"]
[EventType "swiss"]
[EventRounds "9"]
[EventCountry "BEL"]
[SourceTitle "EXT 2015"]
[Source "ChessBase"]
[SourceDate "2014.11.20"]
[SourceVersion "1"]
[SourceVersionDate "2014.11.20"]
[SourceQuality "1"]

1. Nf3 d5 2. c4 c6 3. g3 Bg4 4. Bg2 Nd7 5. 0-0 dxc4 6. Na3 Bxf3 7. Bxf3 Ne5 8. Bg2 e6 9. Qc2 Nf6 10. Nxc4 Nxc4 11. Qxc4 g6 12. d3 Nd5 13. Qd4 Qf6 14. Qxf6 Nxf6 15. Bd2 a5 16. Rfc1 Bg7 17. Rab1 0-0 18. a3 Rfc8 19. b4 axb4 20. Bxb4 Nd5 21. Bxd5 cxd5 22. Rc5 Rc6 23. e3 Bf8 24. Rxc6 bxc6 25. Bxf8 Kxf8 26. Ra1 Ke7 27. Kf1 Kd6 28. d4 Ra5 29. Ke2 c5 30. dxc5+ Rxc5 31. Kd3 Ra5 32. a4 h5 33. h3 g5 34. Ra2 h4 35. Kc3 Kc5 36. Kb3 d4 37. exd4+ Kxd4 38. Kb4 Ra8 39. Rd2+ Ke4 40. gxh4 gxh4 41. Rd7 Rf8 42. Kb5 Kf3 43. a5 Kxf2 44. a6 Kg3 45. Rd3+ Kg2 46. Kb6 f5 47. a7 f4 48. Kb7 e5 49. Rc3 f3 50. Rc8 Rxc8 51. Kxc8 Kxh3 52. a8Q Kg3 53. Qd5 h3 54. Qxe5+ Kg2 55. Qg5+ Kf2 56. Qh4+ Kg2 57. Qg4+ Kf2 58. Qxh3 Ke2 59. Qg4 Ke3 60. Qe6+ Kd2 61. Qd5+ Ke3 62. Qe5+ Kd2 63. Qf4+ Ke2 64. Qe4+ Kf2 65. Kd7 Kg3 66. Qg6+ Kf4 67. Qg1 1-0